| 000 | 01675cam a22003491a 4500 | ||
|---|---|---|---|
| 001 | gs 55000339 | ||
| 003 | DLC | ||
| 005 | 20260227111403.0 | ||
| 008 | 840418s1955 dcuab b f001 0 eng c | ||
| 010 | _ags 55000339 | ||
| 035 | _a(OCoLC)10640683 | ||
| 040 |
_aU.S. Geological Survey. Library. _cAzFU _dAzFU _dDNAL _dOCoLC _dDLC |
||
| 043 | _an-us-az | ||
| 050 | 0 | 0 |
_aTC801 _b.U2 no. 1354 |
| 070 | 0 |
_a407 _bG29W no.1354 |
|
| 072 | 0 | _aP200 | |
| 100 | 1 |
_aCoates, Donald Robert, _d1922- |
|
| 245 | 1 | 0 |
_aGeology and ground-water resources of the Douglas Basin, Arizona / _cby D.R. Coates and R.L. Cushman ; with a section on chemical quality of the ground water by J.L. Hatchett. |
| 260 |
_aWashington, D.C. : _bU.S. G.P.O., _c1955. |
||
| 300 |
_aiv, 56 p. : _bill., maps ; _c24 cm. |
||
| 440 | 0 |
_aGeological Survey water-supply paper ; _v1354 |
|
| 500 | _a"Prepared in cooperation with Arizona State Land Dept." | ||
| 500 | _aIncludes index. | ||
| 500 | _aFive folded maps in pocket. | ||
| 501 |
_aTC801 .U2 no. 1354 With : Geology and ground-water resources of the lower Yellowstone River Valley / Alfred E. Torrey. 1956 -- Geology and ground-water resources of the Henderson area, Kentucky / Edward J. Harvey. 1956 -- Computations of total sediment discharge / Bruce R. Colby. 1955. Washington : Govt. Print. Off., 1955-1956. Bound together subsequent to publication. _5DLC |
||
| 504 | _aBibliography: p. 41-42. | ||
| 650 | 0 |
_aGeology _zArizona _zDouglas Basin. |
|
| 650 | 0 |
_aWater-supply _zArizona _zDouglas Basin. |
|
| 650 | 0 |
_aGroundwater _zArizona _zDouglas Basin. |
|
| 700 | 1 |
_aCushman, R. L. _q(Robert L.), _d1917- |
|
| 710 | 1 |
_aArizona. _bState Land Department. |
|
| 999 |
_c29005 _d29005 |
||